[Event "USA-ch"]
[Site "Seattle"]
[Date "2003.01.18"]
[Round "9"]
[White "Shabalov, Alexander"]
[Black "Akobian, Varuzhan"]
[Result "1-0"]
[WhiteElo "2613"]
[BlackElo "2531"]
[Annotator "Psakhis,L"]
[PlyCount "121"]
[EventDate "2003.01.09"]
[EventType "swiss"]
[EventRounds "9"]
[EventCountry "USA"]
[SourceTitle "CBM 093"]
[Source "ChessBase"]
[SourceDate "2003.04.01"]
[SourceVersion "1"]
[SourceVersionDate "2003.04.01"]
[SourceQuality "1"]

{[%mdl 2]} 1. e4 {Shabalov. McShane} e6 2. d4 d5 3. e5 c5 4. c3 Nc6 5. Nf3 Qb6
6. a3 Nh6 7. b4 cxd4 8. cxd4 Nf5 9. Bb2 Be7 10. h4 $1 h5 (10... Bd7 11. g4 Nh6
12. Rg1 Na5 13. Nbd2 Rc8 14. Rc1 O-O 15. Rxc8 Rxc8 16. Qb1 Nc4 17. Bxc4 dxc4
18. Bc3 Bc6 19. Ng5 $16 {1-0 Bangiev,A-Schuh,D/Travemunde op 2002 (27)}) 11.
Bd3 g6 {Shabalov: 'This was a "golden" game of the 2003 US Championship. 8
people were tied for first before the last round with +3 and a little drama in
a fight for $25,000 first prize was expected. However, 3 of 4 leading pairs
were out with the draws after only 15 minutes play. So, the winner of this
game was to become the new US champion. The young Armenian player, often
mistaken for his more titled compatriot Vladimir Akopian, is one of the finest
products of the late Armenian chess school. He had immigrated into the US less
than 2 years ago and already established himself of one of the most solid
players on the US chess scene. His participation in the US championship
decisive game is without any doubt a huge step forward in his career. His
black repertoire is quite expectedly includes Tarrash defence on 1.d4 and
French on 1.e4. However, I was able to find almost no games for him on the 3.
e5 French. So, instead of Akobian I had to spent a night before preparing for
Lputian and his favorite 9...Bd7. I also had to keep in mind that his most
recent game saw'} (11... a5 12. Bxf5 exf5 13. Nc3 Be6 14. b5 a4 15. Qd3 (15.
O-O Na5 16. Qxa4 O-O 17. Rfc1 Nc4 18. Qb3 Qd8 $13 {1/2-1/2 Cubas,J-Marques,V/
Sao Jose de Rio Preto 2003/The Week in Chess 430 (29)}) 15... Na7 16. O-O Rc8
17. Bc1 Rc4 18. Ne2 $5 (18. Rd1 Nxb5 19. Ne2 Qc6 20. Bg5 Bxg5 21. Nxg5 Nc3 $15
{Grischuk,A-Lputian,S/Bled Olympiad 2002/0-1 (45)} 22. Nxc3 Rxc3 23. Qe2 g6 24.
Rd3 O-O 25. Rad1 Rc8 26. Rxc3 Qxc3 27. Qb5 Qb3 28. Rb1 Rc1+ 29. Kh2 Qxb5 30.
Rxb5 Rc4 31. Rxb7 Rxd4 32. Nxe6 fxe6 33. Re7 Rxh4+ 34. Kg3 Re4 35. Rxe6 Kf7 36.
Rf6+ Ke7 37. Rxg6 Rg4+ 38. Rxg4 fxg4 39. Kf4 Kf7 40. f3 gxf3 41. Kxf3 Ke6 42.
Kf4 h4 43. Kg4 Kxe5 44. Kxh4 Kf4 45. g3+ Ke4 {0-1 Grischuk,A-Lputian,S/Bled
SLO 2002(45).}) 18... Qxb5 19. Bg5 Qb3 20. Qxb3 axb3 21. Bxe7 Kxe7 22. Rfb1
Rhc8 23. Rxb3 $36 {1-0 Vysochin,S-Polivanov,A/St Petersburg Chigorin mem 2002 
(45)}) 12. Bxf5 {Shabalov: 'Akobian's choice is also very fashionable.'} gxf5
13. Nc3 Rg8 14. g3 $146 {'!?' Shabalov. This is a novelty, but the idea is
quite typical for this variation: White prepares to move his king to the g2
Shabalov: 'Here I decided to deviate from previous Grischuk games.'} (14. O-O
Rg4 15. Ne2 Bd7 (15... a5 {(Shabalov) !?}) 16. g3 O-O-O 17. Bc1 $1 Rdg8 18. Kh1
Kb8 (18... Nd8 {(Shabalov) !?}) 19. Bf4 Ka8 20. Qd2 $36 {1-0 Grischuk,A-Zhang
Pengxiang/CHN-RUS Summit Shanghai 2001/CBM 85/[Psakhis] (31)} f6 21. exf6 Bxf6
22. Rfc1 e5 23. dxe5 Bxh4 24. Nxh4 Qxf2 25. Ng2 h4 26. Rf1 hxg3 27. Rxf2 gxf2
28. e6 Bxe6 29. Qe3 Bf7 30. Qxf2 d4 31. Rd1 {1-0 Grischuk,A-Zhang Pengxiang/
Shanghai CHN 2001(31).}) ({While in the first game white's thoughts were
mostly about survival} 14. Ng5 {Shabalov} Qxd4 15. Qxd4 Nxd4 16. Nxd5 Nc2+ 17.
Kd2 exd5 18. Kxc2 Bxg5 19. hxg5 Rxg5 20. Bd4 Be6 21. g3 Kd7 22. Be3 Rg4 23. Bf4
Rgg8 24. Kd3 Rgc8 25. Rac1 Rc4 26. Rxh5 a5 27. Rxc4 dxc4+ 28. Kc3 Kc6 29. a4
Rd8 30. b5+ Kc7 31. Kc2 Rd3 32. Bd2 b6 33. Rh4 Ra3 34. Kb2 Rb3+ 35. Kc2 Ra3 36.
Kb2 Rd3 37. Kc2 Bd5 38. Bc3 Be4 39. Kb2 Rd1 40. e6 fxe6 41. Be5+ Kd7 42. Rh7+
Ke8 43. Rh8+ Kf7 44. Rb8 Rd3 45. Bc3 Rf3 46. Rxb6 Rxf2+ 47. Ka3 Rf3 48. Kb2
Rf2+ 49. Ka3 Rf3 50. Kb2 Rf2+ {1/2-1/2 Grischuk,A-Sakaev,K/Tomsk RUS 2001(50).}
) 14... Bd7 {'!' Shabalov. Shabalov: 'But my opponent was playing at blazing
speed up to this point, so I became suspicious...  Excellent reaction. Black
is trying to open the weakened white's queenside.'} 15. Bc1 {The ideo of this
move is clear: to get control over the g5-square Shabalov: 'White's intentions
are also pretty clear. They are leaving his queenside pawns defenseless and
ready to sacrifice them in order to keep his king safe and bring a knight on
f4. Which strategy is going to prevail?'} Rc8 16. Ne2 {McShane: 'White aims to
make use of the dark square weaknesses on the kingside, and in the meantime
Black is developing dangerous counterplay on the queenside. The position is
very unbalanced.'} a5 17. b5 $5 {[%mdl 512] Quite typical pawn sacrifice,
sometimes it is more dangerous for White to allow to his opponent to open the
game on the queen's side. But, to be honest, I think that Shabalov: 'There's
no way to justify white's strategy otherwise.'} (17. bxa5 Nxa5 18. Bg5 Bb5 (
18... Qb3 {(Shabalov) led to an endgame, therefore wasn't considered as an
option.}) 19. Bxe7 Kxe7 20. Nf4 {is also worth considering}) 17... Qxb5 18. Bg5
{White is always happy to exchange dark-squared bishops in similiar pawn
structures.} a4 19. Rb1 {Shabalov: 'Again I saw no other option as 19...Qb3
threatened.'} ({I would prefer the modest and safe} 19. O-O $5 {with not bad
compensation for the pawn, but Shabalov doesn't like modest continuations.})
19... Qa5+ 20. Kf1 Bxa3 {So Black took a second pawn and it looks for me that
he is OK, but white's active light pieces can produce a lot of problems for
the Black monarch. McShane: 'A second pawn goes, but soon Black's queenside
pieces end up in a tangle.' Shabalov: 'No need to say what a computer thinks
about this position. But I remember that I felt pretty confident at this point
as Nf4 always promises white at least some counterplay.'} 21. Ra1 {'!'
Shabalov. Shabalov: 'A tricky move. a4 pawn is a way more important than b7.'}
(21. Kg2 b5) (21. Rxb7 {Shabalov} Nb4 22. Qd2 (22. Kg2 {Shabalov} Qa6) 22...
Rc4 23. Rb8+ (23. Kg2 {Shabalov} Qa8) 23... Bc8 24. Kg2 Qa7 $17) 21... Qb4 {
McShane: 'Unfortunately a4 was loose.' Shabalov: 'A tough move. It is hard to
say if it had to be preffered, but'} (21... Bb2 22. Rxa4 Qb5 {[%cal Gb5f1]
could be met by} 23. Kg2 $1 (23. Ra2 {Shabalov} Bxd4 24. Nfxd4 Nxd4 25. Qxd4
Qb1+ 26. Nc1 Rxg5 (26... Rxc1+ {Shabalov} 27. Kg2 Qxa2 28. Rxc1) 27. hxg5 Rxc1+
(27... Qxc1+ {Shabalov} 28. Kg2 Qxg5 {!?}) 28. Kg2 Rxh1 29. Ra8+ Bc8 30. Rxc8+
Kd7 31. Qc5 Qf1+ 32. Kf3 Qd3+ 33. Kg2 Qf1+ {In my opinion that was black's
only chance to survive in this game.}) 23... Nxe5 $140 (23... Nb4 $1) 24. Nxe5
Qxa4 25. Nxd7 $1 Qxd7 26. Qb3 $1 {[%csl Rb2,Re8] and b2-bishop is trapped.})
22. Nf4 {Shabalov: 'Now black is two pawns up, but his pieces are enormously
tangled on the queenside. Plus he really started falling behind on time at
this point.'} (22. Ne1 $5 {[%cal Ge1c2]}) 22... Rh8 23. Kg2 (23. Bf6 Rh6) 23...
b5 {[%csl Ga4,Gb5]} 24. Bf6 Rh6 25. Re1 {[%cal Ge1e3]} Qf8 {Shabalov: 'During
the game I thought this cannot be good, but amazingly enough it is also
computer's first choice.'} ({Worth considering was} 25... Na5 {[%cal Ga5c4]})
26. Qe2 Be7 $6 {Possibly first black's mistake} ({I am not sure that after} 
26... Na5 27. Ng5 Nb3 28. Rad1 Rc4 $1 {[%csl Rd4,Rh5] White will have enough
compensation for two pawns.} (28... Bc1 {Shabalov} 29. Nxh5 Qb4 {didn't come
yet. I can only hope I'll be dead by then.})) 27. Bg5 Rh8 28. Rec1 Rb8 (28...
Ba3 $5) 29. Rab1 {McShane: 'Black has kept his pawns, but it is difficult to
continue now. For example, 29...b4 30.Qa6! is very annoying.'} Bxg5 $2 {
Shabalov: 'An unfortunate exchange, but black can't keep his queen on f8
forever.'} (29... Na5 $5) ({Somehow i have feeling that it will be better for
Black to keep bishops on the board and from this point of view it will be
interesting to check} 29... Ba3 $5) 30. hxg5 {[%csl Rh5][%cal Gg5g6] '+/-'
Shabalov. Now white's initiative more than compensates for the material deficit
} Qa3 {Shabalov: 'Many thought that was black's final mistake, but the
position is pretty tough to defend anyway.'} ({Better was} 30... Na5 {although
after} 31. g6 (31. Rc7 {Shabalov} Kd8 32. Ra7 Nc6 33. Ra6 $16) 31... Nc4 32.
Rh1 {White's attack is very dangerous.}) (30... b4 $2 {(Shabalov) allows white
queen too close} 31. Qa6 $16) 31. g6 $1 {McShane: 'Undermining Black's centre.'
} fxg6 (31... Rg8 32. Ng5) 32. Nxe6 $1 {'Possibly Black missed this blow in
his calculations! Shabalov: 'Black positions in center collapses.'} Bxe6 33.
Rxc6 Qe7 34. Rxb5 {Despite of his material advantage, Black can't hope for a
successful defence, there are too many White' pieces pointed at the black king.
} Kf7 35. Ng5+ $6 {'?' Shabalov. Shabalov: 'Stupid mistake that prolonged the
game for 25 moves.'} (35. Rxb8 Rxb8 36. Qa6 $1 $18 {[%csl Re6][%cal Gf3g5,
Gc6e6] wins immediately}) 35... Qxg5 36. Rc7+ {This rook had a splendid career
in this game!} Qe7 {McShane: 'Forced, as going to the back rank allows Rxb8+'}
37. Rxe7+ Kxe7 38. Rc5 {'!' Shabalov. Shabalov: 'At least some common sense
didn't leave me and white gets a passer before marching with his king all the
way to g7.'} Rhc8 39. Qa6 $18 Rxc5 40. Qa7+ Ke8 41. dxc5 {McShane: 'The dust
settles and White is winning.'} Rc8 42. Qxa4+ Bd7 43. Qd4 Be6 {Black is trying
to build a fortress, but his dark squares are too weak} (43... g5 $5) 44. f4 {
[%cal Gg2h3,Gh3h4,Gh4g5]} Ke7 45. Qb4 Rc6 46. Kh3 Bd7 47. Kh4 Kf7 48. Kg5 Ke7
49. Qb3 {Shabalov: 'It's better to grab d5 pawn before it started to move at
some unexpected moment.'} Re6 (49... Ke6 50. Kxg6) 50. Qxd5 {Rest is simple}
Bc6 51. Qa2 Bd7 52. Kh6 $1 {[%cal Gh6g7]} Be8 53. Kg7 Bd7 {Shabalov: 'It looks
like black managed to build some sort of a fortress, but white has a nice
final maneuvre.'} 54. Qh2 Rc6 55. Qh4+ Ke8 56. Qf6 $1 {Final blow! Shabalov:
'Not too complicated, but nevertheless a nice way to finish the tournament.'}
Rxf6 {Shabalov: 'Black cannot ignore this queen.'} (56... Be6 {Shabalov} 57.
Qf8+ Kd7 58. Kxg6 Ra6 59. Kxh5 Rc6 60. g4 fxg4 61. f5) 57. exf6 Be6 58. c6 g5 {
Shabalov: '!'} 59. fxg5 f4 60. g6 fxg3 61. f7+ 1-0

[Event "Montreal 4th"]
[Site "Montreal"]
[Date "2003.07.30"]
[Round "7"]
[White "Charbonneau, Pascal"]
[Black "Barsov, Alexei"]
[Result "1-0"]
[WhiteElo "2442"]
[BlackElo "2526"]
[Annotator "Psakhis,L"]
[PlyCount "75"]
[EventDate "2003.07.23"]
[EventType "tourn"]
[EventRounds "11"]
[EventCountry "CAN"]
[EventCategory "11"]
[SourceTitle "CBM 097"]
[Source "ChessBase"]
[SourceDate "2003.11.11"]
[SourceVersion "1"]
[SourceVersionDate "2003.11.11"]
[SourceQuality "1"]

1. e4 e6 2. d4 d5 3. e5 c5 4. c3 Nc6 5. Nf3 Bd7 6. Be2 Nge7 7. Na3 cxd4 8. cxd4
Nf5 9. Nc2 Qb6 10. O-O Rc8 11. Kh1 $5 (11. g4 Nfe7 12. b3 h5 13. h3 hxg4 14.
hxg4 Ng6 15. Be3 a5 16. Nce1 Ba3 17. Nd3 f6 18. Kg2 Kf7 19. Qd2 Qc7 20. Bf4 Qb6
21. Be3 Qc7 {1/2-1/2 Rodchenkov,V-Danin,A/RUS-ch B20 Essentuki 2003/ (21)}) (
11. Qd3 h5 12. Bd2 a5 13. a4 Be7 14. Bc3 g5 $1 15. Rfb1 g4 16. Nfe1 f6 17. exf6
Bxf6 18. Rd1 Kf7 $36 {0-1 Stookalov,V-Savchenko,S/UKR t-ch Alushta 2000 (31)})
11... Na5 ({Worth considering} 11... Nb4 $5 12. Nxb4 Qxb4 13. a4 Qa5 $5 (13...
a5 $6 14. g4 Ne7 15. Bd2 Qb6 16. b4 $1 axb4 17. a5 Qd8 18. Bxb4 $16 {[%csl Re8,
Rh8] 1-0 Degraeve,J-Barsov,A/Montreal 2002/CBM 91 (43)}) 14. g4 Ne7 15. Bd2 Qd8
16. Ne1 Nc6 17. Nc2 Na5 18. Ne3 Be7 19. f4 O-O 20. f5 Nc6 21. Bc3 f6 $1 $13 {
with solid position.Move in the game leads to more complicated game.}) 12. g4 (
12. Nfe1 $2 Bb5 13. Nd3 Rxc2 $1 14. Qxc2 Nxd4 15. Qd1 Qa6 $19 {0-1 Borisek,
J-Ulibin,M/Bled op 2002/ (28)}) 12... Ne7 13. Nfe1 h5 $146 (13... Bb5 14. Nd3
h5 15. gxh5 Nf5 16. Be3 g6 17. hxg6 fxg6 18. Rg1 Qc7 19. Nde1 Bxe2 20. Qxe2 Qh7
21. Nf3 g5 22. Rg2 $14 {1-0 Grischuk,A-Gulko,B/Esbjerg 2000}) 14. gxh5 $8 (14.
g5 $6) 14... Nf5 15. Bg4 $5 Nh6 ({Maybe Barsov could play} 15... Nc6 $5 16.
Bxf5 $140 exf5 17. Rg1 Be6 $13 {but move in the game is good enough.}) 16. Bh3
Nc6 ({I would prefer} 16... Bb5 $5 17. Rg1 Qa6 {[%cal Gb5e2] with active
possibilities.}) 17. b3 Kd8 {[%cal Gd8c7,Gc7b8]} 18. Ng2 Kc7 19. Nf4 {[%cal
Rf4d5]} (19. Bg5 $5) 19... Rd8 (19... Kb8 $1 20. Nxd5) 20. Rg1 Kb8 21. Bb2 {
[%csl Gd4,Gg1]} Ne7 {[%cal Ge7f5]} (21... Nb4 $5) 22. Ne3 (22. Ba3 Nef5 23.
Bxf8 Rhxf8 24. Rc1 $14 {also promised nice perspectives for white.}) 22... Nef5
23. Bc3 {[%cal Gd1d2,Gb3b4]} (23. Nxf5 $5 Nxf5 24. Bxf5 exf5 25. Qf3 $14 (25.
Nxd5 $4 Bc6 $18)) 23... Rc8 24. Bb2 (24. Qd2 $5 Nh4 25. Rg3 N6f5) 24... Bb4 (
24... Rg8 $5) 25. Nxf5 Nxf5 26. Bxf5 exf5 27. Rc1 {[%csl Rg7]} (27. Rxg7 $2 Qh6
$1) 27... Rcg8 (27... Rxc1 28. Bxc1 {[%csl Rg7][%cal Gc1e3]}) 28. Rg2 $1 {
[%cal Gf4d5]} Qh6 {This move may look active, but this is actually a mistake} (
{Worth considering} 28... Be6 $5 29. a3 Be7 30. Qf3 {[%cal Gc1g1] with very
complicated struggle with slightly better prospects for white.}) 29. Nxd5 $1
Bd2 30. Rc5 Bc6 31. f3 $2 {Charbonneau missed quite simple tactic -} (31. Rxc6
$142 $1 bxc6 (31... Qxc6 32. Ne7 Qh6 33. Nxg8 Rxg8 34. d5 $18) 32. Ne7 $18 {
[%csl Ge7][%cal Re7g8,Re7f5,Re7c6] could give white big advantage.}) 31... Bxd5
(31... Bg5 32. Nb4) (31... Rd8 32. Ne7 $18) 32. Rxd5 Bf4 33. Qe2 Qxh5 (33... g5
$5) 34. Rd7 Rc8 (34... Rh6 $5) 35. d5 {[%csl Gd5,Gd7,Ge5]} Ka8 36. d6 $6 {
During possible time trouble, White places himself under the beautiful shot!} (
36. e6 $5 fxe6 (36... Rc2 37. Qxc2 Qxf3 38. Kg1 Be3+ 39. Rf2 $16) 37. dxe6 {
[%csl Gb2]} Rc2 38. Qxc2 Qxf3 39. Bd4 Rxh2+ 40. Kg1 $18) 36... Rc2 $3 {
Seemingly, this move escaped Carbonneau attention.} (36... a6 $16) 37. Qxc2
Qxf3 38. Bd4 (38. Kg1 Be3+ 39. Rf2 Bxf2+ 40. Qxf2 Qd1+ 41. Kg2 Qg4+ $11) ({
To be honest I don't know what happens now - Maybe Barsov lost on time?! It
looks that he easily could make draw -} 38. Bd4 Rxh2+ 39. Kg1 Rxg2+ 40. Qxg2
Qd1+ 41. Qf1 Qxd4+ 42. Kg2 Qe4+ 43. Qf3 Qc2+ $11) 1-0

[Event "Montreal 4th"]
[Site "Montreal"]
[Date "2003.07.25"]
[Round "3"]
[White "Charbonneau, Pascal"]
[Black "Bluvshtein, Mark"]
[Result "1-0"]
[WhiteElo "2442"]
[BlackElo "2447"]
[Annotator "Psakhis,L"]
[PlyCount "63"]
[EventDate "2003.07.23"]
[EventType "tourn"]
[EventRounds "11"]
[EventCountry "CAN"]
[EventCategory "11"]
[SourceTitle "CBM 097"]
[Source "ChessBase"]
[SourceDate "2003.11.11"]
[SourceVersion "1"]
[SourceVersionDate "2003.11.11"]
[SourceQuality "1"]

1. e4 e6 2. d4 d5 3. e5 c5 4. c3 Bd7 5. Nf3 Qb6 6. a3 c4 $6 {I don't like this
move, because White can prepare and play the important move b2-b3 without any
problems. Black had in this moment many other moves with a better reputation,
for example:} (6... cxd4 7. cxd4 Bb5) (6... Bb5) (6... Nc6) (6... a5 $5) 7.
Nbd2 Nc6 8. b3 $1 cxb3 9. Nxb3 Na5 10. Nxa5 Qxa5 11. Bd2 Qc7 12. Bd3 $36 {
[%csl Gd3,Re8] White's chances are clearly better now: his pawn structure is
stable and pieces are active.} h6 (12... Ne7 13. Qb3 Rc8 14. Rc1 Qb6 15. Qxb6
axb6 16. Rb1 Rc6 17. Bb5 Nc8 18. Bxc6 bxc6 19. a4 b5 20. axb5 cxb5 21. Ra1 Be7
22. Bc1 Bd8 23. Ba3 Nb6 24. Bc5 Na4 25. Bb4 f6 26. Ke2 Kf7 27. Rhb1 {Antoli
Royo,J-Recuero Guerra,D/ESP-chJ Gran Canaria 2002/1-0 (56)}) 13. O-O Ne7 14.
Qe2 (14. Nh4 $5 g6 15. g3 Nc8 $6 16. Bxg6 $5 Bb5 17. Qg4 fxg6 18. Nxg6 Bxf1 19.
Qxe6+ Ne7 20. Nxh8 Bd3 21. Nf7 $40 {Motylev,A-Hort,W/Hoogoween op 2003}) 14...
Nc8 15. Be3 $146 (15. a4 Nb6 16. a5 Nc4 17. Bxc4 Qxc4 18. Qxc4 dxc4 19. Rfb1
Bc6 20. Ne1 Rc8 $13 {0-1 Karklins,A-Matanovic,A/Houston 1974 (38)}) 15... Nb6
16. Nd2 $5 (16. Rfc1 Nc4) 16... Bc6 $6 ({As know how badly this move turned
out for Black in this game, I dare suggesting} 16... Qxc3 $5 17. Rfc1 Qb2 18.
Rab1 Qxa3 $132) 17. f4 {[%cal Rf4f5]} g6 $8 18. Rfc1 Qd7 19. a4 $5 Nxa4 (19...
a5 20. c4 $5 dxc4 21. Nxc4 Nd5 22. Be4 $36) 20. c4 Nb2 ({It is not easy to
assess position arising after} 20... dxc4 $5 21. Nxc4 Bb4 22. Rcb1 Be7 $13) 21.
cxd5 exd5 $8 (21... Qxd5 $2 22. Be4 Bb5 23. Bxd5 Bxe2 24. Bxb7 $18) (21... Bxd5
$2 22. Bb5 Bc6 23. Ne4 $18) 22. Bb1 Bb5 23. Qf3 Nd3 (23... Bb4 $5 24. f5 $40)
24. Rc3 Rc8 (24... Nb4 25. f5) 25. Rxc8+ Qxc8 26. Qf1 $1 {A very annoying move!
} (26. Rxa7 $5) (26. Qxd5 a6 27. Ba2 $40) 26... Qc3 (26... Qf5 27. Rxa7) 27.
Rxa7 $18 {It seems that Black's position can no longer be saved.} Bb4 ({After} 
27... Be7 28. Rxb7 {further casualties are unavoidable.}) 28. Ra8+ Ke7 29. Rxh8
Nxe5 30. Qxb5 (30. Qe1 $18) 30... Qxe3+ 31. Kh1 Nc6 32. Nf1 1-0